TPM in process industries (Record no. 24652)
[ view plain ]
| 000 -LEADER | |
|---|---|
| fixed length control field | 00342nam a2200169Ia 4500 |
| 082 ## - DEWEY DECIMAL CLASSIFICATION NUMBER | |
| Classification number | 658.202 |
| Item number | SUZ |
| 100 ## - MAIN ENTRY--PERSONAL NAME | |
| Personal name | Suzuki/Tokutaro |
| 245 ## - TITLE STATEMENT | |
| Title | TPM in process industries |
| 260 ## - PUBLICATION, DISTRIBUTION, ETC. | |
| Name of publisher, distributor, etc. | CRC Press |
| Date of publication, distribution, etc. | 1994 |
| 366 ## - TRADE AVAILABILITY INFORMATION | |
| Publishers's discount category | 25 |
| 300 ## - PHYSICAL DESCRIPTION | |
| Extent | 391 |
| 546 ## - LANGUAGE NOTE | |
| Language note | ENGLISH |
| -- | Info.Tech |
| 650 ## - SUBJECT ADDED ENTRY--TOPICAL TERM | |
| Topical term or geographic name entry element | TPM |
| 654 ## - SUBJECT ADDED ENTRY--FACETED TOPICAL TERMS | |
| Focus term | TPM |
| 942 ## - ADDED ENTRY ELEMENTS (KOHA) | |
| Koha item type | Reference Book |
| Withdrawn status | Lost status | Damaged status | Not for loan | Collection | Home library | Current library | Date acquired | Source of acquisition | Cost, normal purchase price | Inventory number | Total Checkouts | Full call number | Barcode | Date last seen | Cost, replacement price | Price effective from | Koha item type |
|---|---|---|---|---|---|---|---|---|---|---|---|---|---|---|---|---|---|
| CRC | Fr. Agnel's C.Rodrigues College of Engineering | Fr. Agnel's C.Rodrigues College of Engineering | 17/03/2023 | Allied Publishers | 1496.25 | 2819 dt 19/02/2013 | 658.202 SUZ | 22546 | 17/03/2023 | 1995.00 | Reference Book |